00405nam a2200145Ia 4500003000400000005001700004008004100021040000900062082001800071100001900089245005300108260005700161300000900218650003200227OSt20201028123745.0190216s9999||||xx |||||||||||||| ||und|| coclc a823.91bCON/R aConover, David 0aReader's Digest Condensed Books /cDavid Conover bGreat Britain By Petty And Sons Ltd,c1976.aLondon: a542p aEnglish Novel-English Novel